Truyện ngắn

Spremljeno u:
Bibliografski detalji
Glavni autor: Ernest Hemingway
Format: Knjiga
Jezik:Undetermined
Izdano: Hà Nội VHTT 2001
Teme:
Oznake: Dodaj oznaku
Bez oznaka, Budi prvi tko označuje ovaj zapis!
Thư viện lưu trữ: Trung tâm Học liệu Trường Đại học Cần Thơ
LEADER 00525nam a2200169Ia 4500
001 CTU_40730
008 210402s9999 xx 000 0 und d
082 |a 813.52 
082 |b H488tr 
100 |a Ernest Hemingway 
245 0 |a Truyện ngắn 
245 0 |c Ernest Hemingway, Lê Huy Bắc 
260 |a Hà Nội 
260 |b VHTT 
260 |c 2001 
650 |a american literature - 20th century,short stories, american - collections ( vietnamese ) 
980 |a Trung tâm Học liệu Trường Đại học Cần Thơ